01113nam a2200193 450000500170000000800410001702000180005803700120007604000130008808400230010110000200012424500300014426000380017430000310021252006070024365000220085065000240087265000230089620250409141847.0250409b |||||||| |||| 00| 0 eng d a9780192856616 cTextual aRTLcRTL aY9(W:77).2 R2qRTL aSomanathan, T V aState Cabability in India aUKbOxford University Pressc2022 axx, 425 p.bIncludes index aThe deficiencies in the capability of the state to design and implement effective policies are arguably the biggest development challenge facing developing countries like India. This book seeks to assess state capability in India, identify weaknesses in policy design and programme implementation, and their causes, and propose some measures to remedy them. Importantly, it does so while recognizing political economy constraints and focusing predominantly on the administrative contributors. To this extent, the book's suggestions are practical enough for adoption by stakeholders at different levels. 2POLITICAL ASPECTS aPublic institutions aPolitical planning